Squadre con più Pareggi in Serie A - Statistics

Statistiche generali
  • Questo quiz è stato fatto 80 volte
  • Il punteggio medio è 14 su 15
Statistiche sulle risposte
Pareggi Squadra % Corretto
846 Inter
100%
884 Milan
100%
877 Fiorentina
99%
901 Roma
99%
816 Juventus
97%
793 Lazio
97%
787 Napoli
97%
574 Genoa
96%
805 Bologna
94%
702 Sampdoria
94%
863 Torino
93%
470 Cagliari
90%
685 Atalanta
89%
511 Udinese
85%
345 Hellas Verona
75%
Nessun quiz corrispondente trovato
Distribuzione punteggi
Percentuale di utenti per punteggio
Percentile per numero di risposta
I tuoi punteggi nel tempo
Non hai fatto questo quiz